| 000 | 00711cam a22002413a 4500 | ||
|---|---|---|---|
| 001 | 27311 | ||
| 003 | PGUSA | ||
| 005 | 20140828083605.0 | ||
| 008 | 081122s2008||||xxu|||||s|||||000 | eng d | ||
| 040 |
_aPGUSA _beng |
||
| 042 | _adc | ||
| 050 | 4 | _aDP | |
| 100 | 1 |
_aPina, Rui de, _d1440-1521 |
|
| 245 | 1 | 0 |
_aChronica de El-Rei D. Sancho II _h[electronic resource] / _cRui de Pina |
| 260 |
_bProject Gutenberg, _c2008 |
||
| 506 | _aPublic domain in the USA. | ||
| 516 | _aElectronic text | ||
| 653 | _aSancho II, King of Portugal, 1207-1248 | ||
| 653 | _aPortugal -- History -- Sancho II, 1223-1248 | ||
| 830 | 0 |
_aProject Gutenberg _v27311 |
|
| 856 | 4 | 0 | _uhttp://www.gutenberg.org/ebooks/27311 |
| 942 | _cEB | ||
| 999 |
_c256566 _d256566 |
||